000 00914nam a22002537a 4500
005 20170123162319.0
010 _aA-688065
020 _c50.00
035 _aA-688065
037 _bCen Lib/Ret
040 _aDPL
_bUR
082 _a841.08
_bا ق ب
100 _aغلام رسول ملک
_9116357
245 _aسرود سحر آفریں :
_cغلام رسول ملک
_bفکر و فن اقبال کے چند گوشے /
246 _aSawar sahar afreen : fikar v fan iqbal ke cahnd goshe /
_bby Ghulam Rasool Malik
260 _aسری نگر
_bاقبال انسٹیٹیوٹ
_c1992
270 _bسری نگر
_aکشمیریونیورسٹی
300 _a162p.
_c19cm(Hb)
650 _aاردو ادب
_9116358
650 _aاردو سوانے عمری
_9116359
650 _aUrdu literature
_9116360
650 _aUrdu biography
_9511
942 _2ddc
_cUR
_h841.08
_mا ق ب
999 _c106974
_d106974